书目信息 |
| 题名: |
撬动互联网
|
|
| 作者: | 王义辉 著 | |
| 分册: | ||
| 出版信息: | 北京 电子工业出版社 2015.07 |
|
| 页数: | 267页 | |
| 开本: | 24cm | |
| 丛书名: | ||
| 单 册: | ||
| 中图分类: | F407.676 | |
| 科图分类: | ||
| 主题词: | 互联网络--hu lian wang luo--高技术产业--企业管理--研究 | |
| 电子资源: | ||
| ISBN: | 978-7-121-26268-5 | |
| 000 | 01234nam0 2200277 450 | |
| 001 | 0100195330 | |
| 005 | 20201117084825.99 | |
| 010 | @a978-7-121-26268-5@dCNY49.00 | |
| 099 | @aCAL 012015089933 | |
| 100 | @a20150722d2015 em y0chiy50 ea | |
| 101 | 0 | @achi |
| 102 | @aCN@b110000 | |
| 105 | @aa z 000yy | |
| 106 | @ar | |
| 200 | 1 | @a撬动互联网@Aqiao dong hu lian wang@e互联网企业策划、运营与营销@f王义辉著@Fwang yi hui zhu |
| 210 | @a北京@c电子工业出版社@d2015.07 | |
| 215 | @a267页@c图@d24cm | |
| 330 | @a本书包含系统化的互联网创业、策划、运营、营销的核心知识, 系统讲解了互联网项目的定位、互联网战略思维、互联网项目的创新、互联网项目的赢利、互联网项目的营销、互联网项目的优化等, 均为作者研究多年的原创精华, 有着许多与众不同的创意点, 对于互联网企业的策划、运营、营销推广从业者及创业者、企业管理者、准备创业或者从事相关职业的人来说, 了解本书中的知识及技巧, 是非常需要的。 | |
| 517 | 1 | @a互联网企业策划、运营与营销@Ahu lian wang qi ye ce hua 、 yun ying yu ying xiao |
| 540 | @a撬动互联网 | |
| 606 | 0 | @a互联网络@Ahu lian wang luo@x高技术产业@x企业管理@x研究 |
| 690 | @aF407.676@v5 | |
| 701 | 0 | @a王义辉@Awang yi hui@4著 |
| 801 | @aCN | |
| 901 | @a18 | |
| 905 | @eW422@dF407.676@a河南城建学院图书馆@b1275388-90@f3 | |
| 撬动互联网:互联网企业策划、运营与营销/王义辉著.-北京:电子工业出版社,2015.07 |
| 267页:图;24cm |
| ISBN 978-7-121-26268-5:CNY49.00 |
| 本书包含系统化的互联网创业、策划、运营、营销的核心知识, 系统讲解了互联网项目的定位、互联网战略思维、互联网项目的创新、互联网项目的赢利、互联网项目的营销、互联网项目的优化等, 均为作者研究多年的原创精华, 有着许多与众不同的创意点, 对于互联网企业的策划、运营、营销推广从业者及创业者、企业管理者、准备创业或者从事相关职业的人来说, 了解本书中的知识及技巧, 是非常需要的。 |
| ● |
| 相关链接 |
|
|
|
正题名:撬动互联网
索取号:F407.676/W422
 
预约/预借
| 序号 | 登录号 | 条形码 | 馆藏地/架位号 | 状态 | 备注 |
| 1 | 1275388 | 212753886 | 社科库409/409社科库 34排4列1层/ [索取号:F407.676/W422] | 在馆 | |
| 2 | 1275389 | 212753893 | 社科库409/409社科库 34排4列1层/ [索取号:F407.676/W422] | 在馆 | |
| 3 | 1275390 | 212753909 | 社科库409/409社科库 34排4列1层/ [索取号:F407.676/W422] | 在馆 |